01091nam a2200217 a 450000100100000000500170001000800410002704000250006808200150009310000380010824502820014626000550042830000280048349000440051150000570055550400280061270000520064083000510069295201130074399900170085600004453120250120110604.0140711s2011 dr a 000 0 spa d aDO-SdBNPbspacBNPHU axxxxbxxxx1 aPérez Stefan, Reynolds J93877810aOrigen, trayectoría y aportes culturales de la centenaria sociedad la progresista :bcultural - filantrópica - artística - literaria fundada el 1ro.de septiembre del 1878 La Vega, República Dominicana ; prólogo Rafael Molina Morillo /cReynolds Jossef Pérez Stefan. aLa Vega, República Dominicana :bRedline,c2011. a168 p. :bil. ;c21 cm.1 aBibliográfica Sociedad La Progresista aIncluye datos biográficos del autor en las solapas aBibliografía : p. 16512aMolina Morillo, Rafael,d1930-1917epról.937 0aBibliográfica Sociedad La Progresista972546 0010718PDaPDbPDcCTd2014-07-11iLF1l0oxxxx xxxxp44531-10r2020-06-25w2020-06-25yLFPDZNo se presta c44020d44020